| 000 | 00883cam a2200301 i 4500 | ||
|---|---|---|---|
| 999 |
_c200431098 _d49310 |
||
| 001 | 200431098 | ||
| 003 | TR-AnTOB | ||
| 005 | 20240521165929.0 | ||
| 008 | 181017s2018 tu 000 0 tur d | ||
| 020 | _a9786050948943 | ||
| 040 |
_aTR-AnTOB _beng _erda _cTR-AnTOB |
||
| 041 | 0 | _atur | |
| 050 | 1 | _aPS3603.R68 | |
| 090 |
_aPS3603.R68 _bD319 2018 |
||
| 100 | 1 |
_aCrouch, Blake _eauthor _9122236 |
|
| 240 | _aDark Matter | ||
| 245 |
_aKaranlık Madde / _cBlake Crouch ; Çeviren : Begüm Kovulmaz. |
||
| 264 | 1 |
_aİstanbul : _bDoğan kitap, _c2018. |
|
| 300 |
_a368 pages ; _c23 cm |
||
| 336 |
_2rdacontent _atext _btxt |
||
| 337 |
_2rdamedia _aunmediated _bn |
||
| 338 |
_2rdacarrier _avolume _bnc |
||
| 650 | 0 |
_aİngiliz romanı _2etuturkob _96057 |
|
| 700 | 1 |
_aKovulmaz, Begüm, _d1977- _etranslator _9116939 |
|
| 942 |
_2lcc _cBK |
||